Liga MX Champions - Statistics

General Stats
  • This quiz has been taken 743 times
    704 since last reset
  • The average score is 87 of 103
Answer Stats
Season Answer % Correct
1965-66 | 1970-71 | 1975-76 | +10 others Club América
99%
1956-57 | 1958-59 | 1959-60 | +9 others C.D. Guadalajara
98%
Closure 2003 | México 86' | Opening 2009 | +2 others C.F. Monterrey
94%
1977-78 | 1981-82 | Closure 2019 | +4 others Tigres UANL
94%
1968-69 | 1971-72 | 1972-73 | +5 others Cruz Azul
92%
1976-77 | 1980-81 | 1990-91 | +4 others Pumas UNAM
91%
Closure 2006 | Closure 2007 | Closure 2016 | +3 others C.F. Pachuca
88%
1947-48 | 1948-49 | 1951-52 | +5 others Club León
88%
1950-51 Atlas F.C.
87%
1966-67 | 1967-68 | 1974-75 | +7 others Deportivo Toluca F.C.
86%
Opening 2012 Club Tijuana
85%
Closure 2008 | Closure 2012 | Closure 2015 | +3 others Santos Laguna
85%
1982-83 | 1989-90 Club Puebla
76%
1994-95 | 1995-96 | Winter 1998 Club Necaxa
72%
Winter 2000 Monarcas Morelia
68%
1946-47 | 1992-93 | Opening 2007 Atlante F.C.
59%
1945-46 | 1949-50 C.D. Veracruz
59%
1962-63 C.D. Oro
40%
1993-94 Tecos UAG
38%
1944-45 Real Club España
33%
1954-55 | 1957-58 Atlético Zacatepec
22%
1943-44 Asturias
19%
1952-53 Tampico Madero F.C.
17%
1953-54 C.D. Marte
16%
No matching quizzes found
Score Distribution
Percent of People with Each Score
Percentile by Number Answered
Your Score History
You have not taken this quiz since the last reset